Vật lí 12 nâng cao

Sách giới thiệu động lực học vật rắn, dao động cơ, sóng cơ, dao động và sóng điện từ, dòng điện xoay chiều,...

Сохранить в:
Библиографические подробности
Главный автор: Nguyễn, Thế Khôi
Формат:
Язык:Undetermined
Опубликовано: Hà Nội Giáo dục Việt Nam 2020
Предметы:
Метки: Добавить метку
Нет меток, Требуется 1-ая метка записи!
Thư viện lưu trữ: Trung tâm Học liệu Trường Đại học Cần Thơ
LEADER 00831nam a2200217Ia 4500
001 CTU_236637
008 210402s9999 xx 000 0 und d
020 |c 25000 
082 |a 530.0712 
082 |b Kh452 
100 |a Nguyễn, Thế Khôi 
245 0 |a Vật lí 12 nâng cao 
245 0 |c Nguyễn Thế Khôi (Tổng chủ biên) 
260 |a Hà Nội 
260 |b Giáo dục Việt Nam 
260 |c 2020 
520 |a Sách giới thiệu động lực học vật rắn, dao động cơ, sóng cơ, dao động và sóng điện từ, dòng điện xoay chiều,... 
650 |a Physics,Vật lí 
650 |x Study and teaching (Sacondary),Dạy và học (Trung học) 
904 |i Hải 
980 |a Trung tâm Học liệu Trường Đại học Cần Thơ